000
00262nam a22001217a 4500
999
_c
166298
_d
166298
082
_a
_b
100
_a
Antony Beevor
245
_a
The second world war/
_c
by Antony Beevor.
260
_a
_b
Weldenfeld,
_c
2012.
300
_a
863p.
650
_a
942
_c
BK